000 00296nam a2200109Ia 4500
008 220204s9999 xx 000 0 und d
082 _a915.41
_bAGA
245 0 _aTourist guide to Darjeeling, Sikkim and Bhutan
260 _aNew Delhi
_bNest and Wings
_c1977
700 _aAgarwala, A P
942 _cBK
999 _c25171
_d25171